01067 2200265 4500001002100000005001500021035002000036007000300056008004100059020002200100082001200122084002100134100002100155245006600176250003100242300003900273650002000312700003000332520030700362264004200669336002100711337003000732338002300762990001600785INLIS00000000004430820221017031717 a0010-1022000020ta221017 0  a978-623-7615-22-4 a398.245 aSR 398.245 BAG l0 aBagong Soebardjo1 aLutung kemaruk /cBagong Soebardjo; penyunting, Yulia Loekito aBabaran kapisan April 2020 a23 halaman :bilustrasi ;c21,5 cm 4aCerita binatang0 aYulia Loekitoepenyunting a"Dhasr si Kemaruk Lutung! Ora pisan, ora pindho, janji ana woh-wohan banjur serakah, ora ngoman-omani liyane, karepe dipek dhewe, menangan," ngedumel manuk jalak. Kabeh amarga kemaruke si Luting. pengalaman kang uwis, dheweke banjur mapan ing wit mawoh iku nganti wohe entek. Banjur kepiya, ya critane? aYogyakarta :bLingkarantarnusa,c2020 2rdacontentaTeks 2rdamediaaTanpa perantara 2rdacarrieraVolume a50968.63788